Statistics for Mexican Political Parties

Click here to take the quiz!

General Stats

  • This quiz has been taken 14 times
  • The average score is 6 of 7

Answer Stats

Answer% Correct
PRI
100%
PAN
90%
PRD
90%
Morena
80%
PVEM
80%
Movimiento Ciudadano
70%
PT
60%

Score Distribution

Percentile by Number Answered

Percent of People with Each Score

Your Score History

You have not taken this quiz